000
00302nam a22001217a 4500
082
_a
621.381 OWE'F
100
_a
KEATON, P. W,OWEN, G. E
_9
79331
245
_a
FUNDAMENTALS OF ELECTRONIC
250
_a
VOL-1
260
_a
NEWYORK
_b
HARPER
_c
1966
650
_a
ELECTRONIC ENGINEERING
_9
79332
942
_c
BK
999
_c
584377
_d
584377